Význam ľudského kapitálu v podnikoch kreatívneho a kultúrneho priemyslu v Európe

Ľudský kapitál je základným predpokladom tvorby pridanej hodnoty a ekonomického rastu podnikov v kultúrnom a kreatívnom priemysle. Pod týmto pojmom sa všeobecne uvádzajú podniky, generujúce výsledky tvorivej duševnej činnosti v odvetviach umenia, kultúry a iných kreatívnych odvetví.

Salvato in:
Dettagli Bibliografici
Autore principale: Remeňová, Katarína, 1982-
Altri autori: Majdúchová, Helena, 1963-, Kintler, Jakub, 1979-
Natura: Capitolo di libro
Lingua:slovacco
Soggetti:
Tags: Aggiungi Tag
Nessun Tag, puoi essere il primo ad aggiungerne!!

MARC

LEADER 00000naa$a2200000$$$4500
001 0290224
005 20240502083937.8
041 0 |a slo 
044 |a CZ 
245 1 0 |a Význam ľudského kapitálu v podnikoch kreatívneho a kultúrneho priemyslu v Európe  |c Katarína Remeňová, Helena Majdúchová, Jakub Kintler 
520 |a Ľudský kapitál je základným predpokladom tvorby pridanej hodnoty a ekonomického rastu podnikov v kultúrnom a kreatívnom priemysle. Pod týmto pojmom sa všeobecne uvádzajú podniky, generujúce výsledky tvorivej duševnej činnosti v odvetviach umenia, kultúry a iných kreatívnych odvetví. 
610 2 0 |a kapitál ľudský 
610 2 0 |a priemysel kreatívny 
610 2 0 |a priemysel kultúrny 
610 2 0 |a hodnota pridaná 
610 2 0 |a rast hospodársky 
610 2 0 |a umenie 
610 2 0 |a kultúra 
610 2 0 |a Slovensko 
100 1 |a Remeňová, Katarína, 1982- 
700 1 |a Majdúchová, Helena, 1963- 
700 1 |a Kintler, Jakub, 1979-